[Event "35th Nezhmetdinov Cup"]
[Site "Kazan RUS"]
[Date "2013.06.02"]
[Round "3.12"]
[White "Yandemirov,V"]
[Black "Vorobiov,E"]
[Result "0-1"]
[WhiteElo "2422"]
[BlackElo "2583"]

1.e4 c5 2.Nf3 Nc6 3.Bb5 e6 4.Bxc6 bxc6 5.b3 Ne7 6.Ba3 Ng6 7.O-O d6 8.c3 Be7
9.d4 cxd4 10.cxd4 O-O 11.e5 Ba6 12.Re1 dxe5 13.Nxe5 Rc8 14.Nxg6 hxg6 15.Bc5 Bxc5
16.dxc5 Qa5 17.Qc1 Rfd8 18.a3 Rb8 19.b4 Rxb4 20.axb4 Qxa1 21.Nc3 Qxc1 22.Rxc1 Rb8
23.Ra1 Bd3 24.Rxa7 Rxb4 25.h3 Rc4 26.Na4 g5 27.Kh2 Bc2 28.Nb6 Rxc5 29.Rc7 Bf5
30.Nd7 Rd5 31.Nb8 Rd2 32.Kg1 f6 33.Nxc6 Kh7 34.Nb4 e5 35.Rc5 Be6 36.Nc2 Rd1+
37.Kh2 Rc1 38.Rc6 Bd5 39.Rd6 Rxc2 40.Rxd5 Rxf2 41.Kg1 Rc2 42.g4 Rc7 43.Kg2 Kg8
44.Kf3 Kf7 45.Ra5 Ke6 46.Ra6+ Kd5 47.Ra5+ Kd4 48.Ra4+ Kd3 49.Ra3+ Rc3 50.Ra7 e4+
51.Kf2 Kd2 52.Ra2+ Rc2 53.Ra3 g6 54.Ra6 e3+ 55.Kf3 e2 56.Rd6+ Ke1  0-1

[Event "35th Nezhmetdinov Cup"]
[Site "Kazan RUS"]
[Date "2013.06.02"]
[Round "3.39"]
[White "Esipenko,Andrey"]
[Black "Beinenson,Katsiaryna"]
[Result "1-0"]
[WhiteElo "2191"]
[BlackElo "1970"]

1.e4 c5 2.Nf3 Nc6 3.Bb5 g6 4.Bxc6 dxc6 5.d3 Bg7 6.O-O Nh6 7.Nc3 f6 8.Be3 b6
9.h3 Nf7 10.Nd2 e5 11.f4 exf4 12.Bxf4 O-O 13.Nf3 f5 14.exf5 Bxf5 15.Qd2 Qd7
16.Rad1 b5 17.b3 Rae8 18.Ne2 Ne5 19.Nxe5 Bxe5 20.Bxe5 Rxe5 21.Ng3 Qd4+ 22.Kh2 Rd5
23.Rf4 Qe5 24.Kh1 Bxd3 25.Rxf8+ Kxf8 26.Re1 Qg5 27.Qc3 Rd4 28.cxd3 Qxg3 29.Qxc5+ Qd6
30.Qxa7 Qd7 31.Qb8+ Kg7 32.Qe5+ Kg8 33.Qb8+ Kg7 34.Rf1 Qe7 35.Qb6 Qd7 36.Rc1 Rxd3
37.Rxc6 Qf5 38.Qc7+ Rd7 39.Qg3 Rd5 40.Rc7+ Kg8 41.Qe1 Rd8 42.Qa1 Rd7 43.Rxd7 Qxd7
44.a4 Qd3 45.a5 Qe3 46.a6 Qa7 47.b4 h6 48.Qf6 Kh7 49.Qc6 Qe3 50.Qc7+ Kg8
51.a7  1-0

[Event "Grand Europe Open Albena"]
[Site "Albena BUL"]
[Date "2013.06.04"]
[Round "4.28"]
[White "Dolzhikova,K"]
[Black "Sveshnikov,V"]
[Result "0-1"]
[WhiteElo "2301"]
[BlackElo "2411"]

1.e4 c5 2.Nf3 Nc6 3.Bb5 e6 4.Bxc6 bxc6 5.b3 Be7 6.O-O d6 7.Bb2 e5 8.c3 f5
9.exf5 Bxf5 10.d4 e4 11.dxc5 exf3 12.Qxf3 Qd7 13.c4 Nf6 14.cxd6 Bxd6 15.Rd1 Bg4
16.Qe3+ Kf7 17.f3 Bf5 18.Nc3 Rhe8 19.Qg5 h6 20.Qh4 Qc7 21.Kh1 Rad8 22.c5 Be5
23.b4 Rxd1+ 24.Rxd1 Kg8 25.a4 Qf7 26.Ba1 Qb3 27.Rc1 a6 28.b5 axb5 29.axb5 cxb5
30.c6 Qa3 31.Qe1 Bf4  0-1

[Event "35th Nezhmetdinov Cup"]
[Site "Kazan RUS"]
[Date "2013.06.04"]
[Round "5.32"]
[White "Rivonenko,Vladislav"]
[Black "Odnorozhenko,E"]
[Result "1/2-1/2"]
[WhiteElo "2026"]
[BlackElo "2319"]

1.e4 c5 2.Nf3 Nc6 3.Bb5 d6 4.d4 cxd4 5.Qxd4 Bg4 6.Nc3 Nf6 7.Bg5 Nd7 8.Bxc6 bxc6
9.O-O-O Qb6 10.Qc4 Rb8 11.b3 e5 12.Be3 Qb7 13.Ng5 Nb6 14.Bxb6 axb6 15.f3 Bc8
16.h4 h6 17.Nh3 Be7 18.g4 b5 19.Qe2 Bd7 20.f4 Qc7 21.g5 hxg5 22.fxg5 Rxh4
23.Qg2 Qa5 24.Qg3 Rxh3 25.Rxh3 Bxh3 26.Qxh3 Bxg5+ 27.Kb1 Ke7 28.Qf5 Bf6 29.Qf3 Rh8
30.Qd3 Qb4 31.Kb2 Qc5 32.a3 b4 33.axb4 Qxb4 34.Qa6 Kd7 35.Qa7+ Ke6 36.Qc7 Ra8
37.Na4 Rxa4 38.Qc8+ Ke7 39.Qc7+ Ke6 40.Qc8+ Ke7  1/2-1/2

[Event "6th Mayors Cup 2013"]
[Site "Mumbai IND"]
[Date "2013.06.05"]
[Round "10"]
[White "Ankit,R"]
[Black "Vignesh,NR"]
[Result "1/2-1/2"]
[WhiteElo "2428"]
[BlackElo "2229"]

1.e4 c5 2.Nf3 Nc6 3.Bb5 g6 4.Bxc6 dxc6 5.d3 Bg7 6.h3 Nf6 7.Nc3 Nd7 8.Be3 e5
9.Qd2 Qe7 10.Bh6 Bxh6 11.Qxh6 f6 12.Nd2 Nf8 13.f4 exf4 14.Qxf4 Ne6 15.Qf2 Nd4
16.Nb3 Qe5 17.O-O O-O 18.Nxd4 cxd4 19.Ne2 c5 20.Rae1 Bd7 21.Nf4 Bc6 22.g4 Rae8
23.Qg3 Re7 24.Kh2 Be8 25.Rf2 g5 26.Nd5 Qxg3+ 27.Kxg3 Re6 28.Ref1 Kg7 29.Nc7 Rc6
30.Nxe8+ Rxe8 31.Rf5 h6 32.Rd5 Re7 33.Rff5 b6 34.Rd8 Rce6 35.Rfd5 Rc6 36.Kf3 Rcc7
37.R5d6 Rf7 38.Ke2 Rfe7 39.Kd2 Rb7 40.a3 Rbc7 41.b4 Rf7 42.Rb8 Rfe7 43.Rbd8 Kf7
44.Rh8 Kg7 45.Rb8 Kf7 46.Rdd8 Ke6 47.bxc5 bxc5 48.Rd5 Kf7 49.Rh8 Kg7 50.Rhd8 Kf7
51.R8d6 Re6 52.c3 Rxd6 53.Rxd6 Ke7 54.Rd5 dxc3+ 55.Kxc3 Rc6 56.Kc4 Ra6 57.Rxc5 Rxa3
58.Rc7+ Ke6 59.Rh7 Ra4+ 60.Kc3 Ke5 61.Rxh6 Ra3+ 62.Kc2 Kd4 63.Rxf6  1/2-1/2

[Event "43rd Open A Bosna 2013"]
[Site "Sarajevo BIH"]
[Date "2013.06.05"]
[Round "6.14"]
[White "Forsberg,V"]
[Black "Batricevic,S"]
[Result "1-0"]
[WhiteElo "2286"]
[BlackElo "2252"]

1.e4 c5 2.Nf3 Nc6 3.Bb5 a6 4.Bxc6 dxc6 5.d3 Qc7 6.O-O e5 7.Be3 f6 8.Nbd2 Be6
9.a3 Rd8 10.Qb1 Qf7 11.Rd1 Bd6 12.b4 cxb4 13.axb4 Ne7 14.c4 O-O 15.b5 axb5
16.cxb5 c5 17.Qc2 b6 18.Nc4 Bc7 19.Nfd2 Rd7 20.Ra3 Qg6 21.Kh1 Rfd8 22.Rda1 f5
23.f3 h6 24.Ra8 Qe8 25.Rxd8 Qxd8 26.Nb2 Kh7 27.Ndc4 Ng6 28.Kg1 Rf7 29.Ra7 Qe8
30.Na3 fxe4 31.dxe4 Nh4 32.Bf2 Nxf3+ 33.gxf3 Rxf3 34.Qe2 Qh5 35.Rxc7 Bh3
36.Kh1 Qg4 37.Bg1 Rg3 38.Rxg7+ Kxg7 39.Qxg4+ Rxg4 40.Bf2 Rxe4 41.Nac4  1-0

[Event "Icelandic Open Championship 2013"]
[Site "Reykjavik ISL"]
[Date "2013.06.06"]
[Round "8.11"]
[White "Sigurdsson,Sv"]
[Black "Bjarnason,S"]
[Result "1-0"]
[WhiteElo "2000"]
[BlackElo "2130"]

1.e4 c5 2.Nf3 Nc6 3.Bb5 g6 4.O-O Bg7 5.c3 Nf6 6.Re1 O-O 7.d4 cxd4 8.cxd4 d6
9.Nc3 Bg4 10.Bxc6 bxc6 11.h3 Bd7 12.e5 dxe5 13.Nxe5 Be8 14.Be3 Nd5 15.Nxd5 cxd5
16.Nf3 f6 17.Qd2 g5 18.Rac1 Bg6 19.Rc5 Be4 20.Nh2 Rb8 21.Nf1 h6 22.Rec1 Rb7
23.Qc3 Qb8 24.b3 e6 25.Nd2 Bg6 26.a3 Bf7 27.Rc7 Rxc7 28.Qxc7 Rd8 29.b4 Qxc7
30.Rxc7 Ra8 31.Nb3 Kf8 32.Na5 Be8 33.Nc6 a6 34.a4 f5 35.g3 Bh5 36.Kg2 Be2
37.Bd2 Bf6 38.f4 Bd1 39.a5 Be2 40.Ne5 g4 41.Rf7+ Ke8 42.Rxf6 gxh3+ 43.Kxh3  1-0

[Event "Grand Europe Open Albena"]
[Site "Albena BUL"]
[Date "2013.06.07"]
[Round "7.43"]
[White "Okus,M"]
[Black "Parligras,C"]
[Result "1-0"]
[WhiteElo "2021"]
[BlackElo "2299"]

1.e4 c5 2.Nf3 Nc6 3.Bb5 d6 4.d4 cxd4 5.Nxd4 Bd7 6.Nc3 g6 7.O-O Bg7 8.Be3 Nf6
9.Be2 O-O 10.Nxc6 Bxc6 11.Bf3 Qa5 12.Qd2 Rfd8 13.Rfd1 Rd7 14.a3 Qd8 15.Nd5 Rc8
16.c4 e6 17.Nc3 a6 18.Bd4 b5 19.cxb5 axb5 20.Qe3 Qc7 21.e5 dxe5 22.Bxe5 Qb7
23.Rxd7 Nxd7 24.Bxc6 Qxc6 25.Bxg7 Kxg7 26.Qd3 Rb8 27.Rd1 Rb7 28.Qd4+ f6 29.Qd6 Qc4
30.Qe7+  1-0

[Event "FSFMA June 2013"]
[Site "Budapest HUN"]
[Date "2013.06.07"]
[Round "7.3"]
[White "Juracsik,J"]
[Black "Rabovszky,G"]
[Result "1/2-1/2"]
[WhiteElo "2155"]
[BlackElo "1913"]

1.e4 c5 2.Nf3 Nc6 3.Bb5 g6 4.O-O Bg7 5.Re1 a6 6.Bf1 d6 7.a4 Bg4 8.h3 Bd7
9.Na3 Qc7 10.Nc4 Nh6 11.a5 O-O 12.d3 Rae8 13.Bd2 f5 14.e5 d5 15.Nb6 e6 16.c3 d4
17.cxd4 Nxd4 18.Nxd4 cxd4 19.Rc1 Bc6 20.f4 g5 21.Be2 Qe7 22.Bh5 Rd8 23.Bf3 Bxf3
24.Qxf3 g4 25.Qf2 Nf7 26.Rc4 gxh3 27.gxh3 Kh8 28.Bb4 Qe8 29.Bxf8 Bxf8 30.Qh4 Be7
31.Qh5 Qb5 32.Qxf7 Rg8+ 33.Qxg8+ Kxg8 34.b4 Bh4 35.Re2 Kg7 36.Rg2+ Kh6 37.Rxd4 Qc6
38.Nc4 Qf3 39.Rd6 Qxf4 40.Rxe6+ Kh5 41.Rd6 Qc1+  1/2-1/2

[Event "Icelandic Open Championship 2013"]
[Site "Reykjavik ISL"]
[Date "2013.06.07"]
[Round "9.10"]
[White "Grove,Michael"]
[Black "Thorsteinsson,T"]
[Result "1/2-1/2"]
[WhiteElo "2021"]
[BlackElo "2266"]

1.e4 c5 2.Nf3 Nc6 3.Bb5 g6 4.O-O Bg7 5.Nc3 d6 6.Bxc6+ bxc6 7.d3 e5 8.Bg5 f6
9.Be3 Nh6 10.a3 a5 11.h3 O-O 12.Nd2 f5 13.f4 Nf7 14.exf5 Bxf5 15.Qe1  1/2-1/2

[Event "Grand Europe Open Albena"]
[Site "Albena BUL"]
[Date "2013.06.08"]
[Round "8.8"]
[White "Anurag,M"]
[Black "Spasov,V"]
[Result "0-1"]
[WhiteElo "2401"]
[BlackElo "2565"]

1.e4 c5 2.Nf3 Nc6 3.Bb5 Nf6 4.Nc3 g6 5.e5 Ng4 6.Bxc6 dxc6 7.h3 Nh6 8.g4 Bg7
9.d3 O-O 10.Qe2 Qb6 11.Kf1 f5 12.g5 Nf7 13.Na4 Qa5 14.b3 b5 15.Bd2 Qd8 16.Nc3 b4
17.Na4 Nxe5 18.Re1 Nxf3 19.Qxf3 e5 20.Be3 Be6 21.Qe2 Bd5 22.Rh2 e4 23.Bf4 Bd4
24.h4 Re8 25.Rh3 Qd7 26.Qd2 exd3 27.Rxe8+ Rxe8 28.cxd3 Qe6 29.Rg3 Qe7 30.Qd1 Qg7
31.Qd2 Re6 32.Rh3 Qe7 33.Rg3 Qg7 34.Rh3 Be5 35.Be3 f4 36.Bxc5 Qf7 37.f3 Qf5
38.Rh2 Bxf3 39.Bxb4 Bd4 40.Ba3 Qg4  0-1

[Event "Alushta Summer-2013-2"]
[Site "Alushta UKR"]
[Date "2013.06.08"]
[Round "7"]
[White "Frhat,A"]
[Black "Shtyrenkov,V"]
[Result "1-0"]
[WhiteElo "2352"]
[BlackElo "2329"]

1.e4 c5 2.Nf3 Nc6 3.Bb5 g6 4.O-O Bg7 5.c3 Nf6 6.e5 Nd5 7.d4 cxd4 8.cxd4 O-O
9.Nc3 Nxc3 10.bxc3 d6 11.exd6 Qxd6 12.a4 Be6 13.Ba3 Qc7 14.Ng5 Bf5 15.Re1 Bf6
16.Ne4 Bxe4 17.Rxe4 a6 18.Bf1 Rfd8 19.Rb1 b6 20.Qf3 Na5 21.Rbe1 Nc6 22.g3 Kg7
23.h4 h5 24.Rf4 Rf8 25.Rfe4 Rfd8 26.R4e3 Ra7 27.Bg2 Na5 28.Bxe7 Bxe7 29.Rxe7 Qxe7
30.Rxe7 Rxe7 31.Qd3 Re1+ 32.Kh2 Rd6 33.c4 Rf6 34.f4 Rc1 35.Bd5 Rd6 36.Kh3 Re1
37.Qc3 Re7 38.Qb4 Red7 39.Qe1 Nc6 40.Bxc6 Rxc6 41.Qe8 Rcd6 42.d5 b5 43.axb5 axb5
44.cxb5 Rxd5 45.b6 R5d6 46.Qe4 Rd4 47.Qb1 Rd1 48.Qb2+ Kh7 49.b7 R7d2 50.Qxd2 Rxd2
51.b8=Q Rd5 52.Qf8 Rd7 53.Kg2 f5 54.Kf2 Rd2+ 55.Ke3 Rd7 56.Qe8 Ra7 57.Kd4 Kg7
58.Qe5+ Kf7 59.Qd5+ Kf6 60.Qd6+ Kf7 61.Qc6 Re7 62.Kd5 Re3 63.Qb7+ Re7 64.Qb3 Re4
65.Kd6+ Kf6 66.Qg8 Rd4+ 67.Kc5 Rd7  1-0

[Event "35th Nezhmetdinov Cup"]
[Site "Kazan RUS"]
[Date "2013.06.08"]
[Round "9.30"]
[White "Kozionov,Kirill"]
[Black "Kaliadzich,M"]
[Result "1-0"]
[WhiteElo "2272"]
[BlackElo "1982"]

1.e4 c5 2.Nf3 Nc6 3.Bb5 g6 4.Bxc6 dxc6 5.h3 Bg7 6.d3 Nf6 7.Nc3 O-O 8.Be3 b6
9.Qd2 Bb7 10.Bh6 b5 11.h4 Bxh6 12.Qxh6 Ng4 13.Qg5 h5 14.Qxc5 Qd6 15.Qxd6 exd6
16.Nh2 Nxh2 17.Rxh2 a5 18.Rh3 b4 19.Ne2 c5 20.Re3 Rfe8 21.Kd2 Kg7 22.f3 d5
23.exd5 Rxe3 24.Kxe3 Re8+ 25.Kd2 Bxd5 26.Nf4 Bc6 27.Re1 Rxe1 28.Kxe1 Kf6
29.Kf2 Ke5 30.Ke3 Bd7 31.c3 Bf5 32.Ne2 Kd5 33.Ng3 Bd7 34.Ne4 Bc8 35.c4+ Kc6
36.d4 cxd4+ 37.Kxd4 Bd7 38.Nf6 Bc8 39.Nh7 Bd7 40.Ng5 f5 41.Nf7 Be8 42.Ne5+ Kc7
43.Kc5  1-0

[Event "35th Nezhmetdinov Cup"]
[Site "Kazan RUS"]
[Date "2013.06.08"]
[Round "9.28"]
[White "Salakhutdinov,I"]
[Black "Chumachenko,Alexander"]
[Result "1-0"]
[WhiteElo "2293"]
[BlackElo "2119"]

1.e4 c5 2.Nf3 Nc6 3.Bb5 g6 4.Bxc6 dxc6 5.h3 e5 6.O-O f6 7.d3 Nh6 8.c3 Nf7
9.d4 cxd4 10.cxd4 exd4 11.Nxd4 Bg7 12.Be3 O-O 13.Nc3 Qe7 14.Qb3 Kh8 15.Rfe1 Ng5
16.Qc2 Ne6 17.f4 Nxd4 18.Bxd4 Be6 19.Ne2 b6 20.f5 Bf7 21.Nf4 Rad8 22.Rad1 g5
23.Ne2 Rd6 24.Nc3 Rfd8 25.Bf2 Qe5 26.Rxd6 Rxd6 27.Re3 Qe7 28.e5 fxe5 29.Ne4 Rd8
30.Qxc6 Bd5 31.Qc2 Bb7 32.Bg3 Bxe4 33.Qxe4 Re8 34.Rc3 Qd6 35.Rd3 Qc7 36.h4 Bf6
37.Rc3 Qg7 38.h5 Qd7 39.Rc6 Qd1+ 40.Be1 Rf8 41.h6 Qd4+ 42.Qxd4 exd4 43.Bb4 d3
44.Bxf8  1-0

[Event "Mitropa Cup 2013"]
[Site "Meissen GER"]
[Date "2013.06.08"]
[Round "8.2"]
[White "Gallagher,Jo"]
[Black "Skoberne,J"]
[Result "0-1"]
[WhiteElo "2518"]
[BlackElo "2558"]

1.e4 c5 2.Nf3 Nc6 3.Bb5 e6 4.O-O Nge7 5.Nc3 Nd4 6.Nxd4 cxd4 7.Ne2 a6 8.Ba4 b5
9.Bb3 Nc6 10.d3 Bc5 11.a3 Bb7 12.Ba2 Qe7 13.Qd2 h5 14.b4 Bb6 15.c3 h4 16.h3 Rh5
17.cxd4 Nxd4 18.Nxd4 Bxd4 19.Bb2 Qf6 20.Bxd4 Qxd4 21.Qe3 Qxe3 22.fxe3 a5
23.Bb3 Ke7 24.bxa5 Rc5 25.a4 Rc3 26.Rab1 Rxd3 27.axb5 Rxa5 28.Bd1 f6 29.Bf3 e5
30.Rfc1 Kd6 31.Be2 Rd2 32.Rd1 Ra2 33.b6 Bxe4 34.Rxd2+ Rxd2 35.Rb4 Rxe2 36.Rxe4 Rb2
37.Rxh4 Ke6 38.Rg4 g5 39.Ra4 Rxb6 40.h4 gxh4 41.Rxh4 Rb2 42.Kf1 d5 43.Ra4 Kf5
44.g4+ Kg5 45.Ke1 Rg2 46.Ra5 Kxg4 47.Rxd5 Kf3  0-1

[Event "43rd Open A Bosna 2013"]
[Site "Sarajevo BIH"]
[Date "2013.06.08"]
[Round "9.3"]
[White "Papp,Ga"]
[Black "Djukic,Ni"]
[Result "1/2-1/2"]
[WhiteElo "2582"]
[BlackElo "2539"]

1.e4 c5 2.Nf3 Nc6 3.Bb5 g6 4.Bxc6 dxc6 5.d3 Bg7 6.h3 Nf6 7.Nc3 Nd7 8.Be3 e5
9.Qd2 Qe7 10.Bh6 f6 11.Bxg7 Qxg7 12.Qe3 b6 13.a4 a5 14.Nd2 Ba6 15.Ne2 O-O
16.g4 Rfe8 17.f4 exf4 18.Qxf4 Ne5 19.O-O c4 20.d4  1/2-1/2

[Event "Portuguese Honra A 2013"]
[Site "Sintra POR"]
[Date "2013.06.08"]
[Round "1.2"]
[White "Morais,V"]
[Black "Santos,Mi"]
[Result "1/2-1/2"]
[WhiteElo "1992"]
[BlackElo "1966"]

1.e4 c5 2.Nf3 Nc6 3.Bb5 Nd4 4.Nxd4 cxd4 5.O-O a6 6.Bc4 e6 7.d3 b5 8.Bb3 Bb7
9.c3 Bc5 10.cxd4 Bxd4 11.Nc3 Rc8 12.Ne2 Bf6 13.f4 Qb6+ 14.Kh1 Ne7 15.Ng1 Nc6
16.Nf3 O-O 17.e5 Be7 18.d4 Na5 19.Bc2 g6 20.f5 exf5 21.Bh6 Rfe8 22.Rc1 Bd5
23.b3 Ba3 24.Rb1 Nb7 25.Bg5 Nd8 26.Qd2 Ne6 27.Be3 Qc6 28.Bd3 Qc3 29.Qxc3 Rxc3
30.Rbd1 Rec8 31.Ng5 Ng7 32.Kg1 h6 33.Nh3 g5 34.g3 Be4 35.Nf2 d5 36.exd6 Bxd3
37.d7 Rd8 38.Rxd3 Rxd3 39.Nxd3 Rxd7 40.Rd1 Ne6 41.Kf2 f6 42.b4 Nc7 43.Rb1 a5
44.bxa5 Re7 45.Rb3 b4 46.Nxb4 Bxb4 47.Rxb4 Rxe3 48.Rb7 Rc3 49.d5 Rc2+ 50.Kg1 Nxd5
51.a6 Rxa2 52.a7 Nb6 53.Rxb6 Rxa7 54.Rxf6 Kg7 55.Rxf5 Kg6 56.Rb5  1/2-1/2

[Event "3rd Ortega Rating"]
[Site "Ortega COL"]
[Date "2013.06.09"]
[Round "5.12"]
[White "Espinosa,J"]
[Black "Hernandez,OsE"]
[Result "1/2-1/2"]
[WhiteElo "2282"]
[BlackElo "1988"]

1.e4 c5 2.Nf3 Nc6 3.Bb5 e6 4.O-O Nge7 5.Re1 g6 6.c3 Bg7 7.d4 cxd4 8.cxd4 a6
9.Ba4 d5 10.exd5 Nxd5 11.Ne5 Bd7 12.Nc3 O-O 13.Nxd5 Nxe5 14.dxe5 Bxa4 15.Nf6+ Bxf6
16.Qxa4 b5 17.Qe4 Bg5 18.Bxg5 Qxg5 19.f4 Qe7 20.Rac1 Rac8 21.a3 Rxc1 22.Rxc1 Rd8  1/2-1/2

[Event "17th Petr Izmailov"]
[Site "Tomsk RUS"]
[Date "2013.06.12"]
[Round "2.9"]
[White "Kuznetsov,E"]
[Black "Aitbayev,A"]
[Result "1-0"]
[WhiteElo "2172"]
[BlackElo "2418"]

1.e4 c5 2.Nf3 Nc6 3.Bb5 d6 4.O-O Bd7 5.Re1 Nf6 6.c3 a6 7.Bf1 Bg4 8.h3 Bxf3
9.Qxf3 g6 10.Qd1 Bg7 11.d4 Nd7 12.d5 Na5 13.Nd2 O-O 14.Rb1 b5 15.Qc2 Nb6
16.b3 Qd7 17.Nf3 e6 18.dxe6 fxe6 19.Be3 Nc6 20.Rbd1 Qe7 21.Rd2 Ne5 22.Nxe5 Bxe5
23.g3 g5 24.Rc1 Rf3 25.Bg2 Rxe3 26.fxe3 Bxg3 27.Qd1 Rf8 28.Qg4 Bh4 29.Rcd1 d5
30.Kh1 Kh8 31.exd5 exd5 32.Bxd5 Qxe3 33.Bg2 Qxc3 34.Qe6 Rf6 35.Qe7  1-0

[Event "2nd Grand Europe Open 2013"]
[Site "Golden Sands BUL"]
[Date "2013.06.13"]
[Round "4.51"]
[White "Baciu,D"]
[Black "Abramovic,B"]
[Result "1/2-1/2"]
[WhiteElo "2249"]
[BlackElo "2458"]

1.e4 c5 2.Nf3 Nc6 3.Bb5 g6 4.Bxc6 dxc6 5.d3 Bg7 6.h3 b6 7.Nc3 f6 8.Be3 Nh6
9.O-O Nf7 10.a4 a5 11.Nd2 e5 12.Nc4 Be6 13.b3 f5 14.exf5 gxf5 15.Bd2 O-O
16.Qe2 Qc7 17.f4 Bxc4 18.bxc4 Rae8 19.fxe5 Nxe5 20.Qh5 Ng6 21.Rab1 Re5 22.Ne2 f4
23.Qg4 Ref5 24.Ng3 R5f7 25.Nh5 Bd4+ 26.Kh1 Kh8 27.c3 Be5 28.Rbe1 Qd7 29.Qxd7 Rxd7
30.d4 cxd4 31.cxd4 Bxd4 32.Nxf4 Kg8 33.Ne6 Rxf1+ 34.Rxf1 Bb2 35.Bh6 Re7 36.Nd8 c5
37.h4 Re4 38.g3 Bg7 39.Bg5 h6 40.Bf6 Ne5 41.Ne6 Bxf6 42.Rxf6 Ng4 43.Rf8+ Kh7
44.Nf4 Rxc4 45.h5 Rc2 46.Ne6 c4 47.Rf7+ Kh8 48.Rf8+ Kh7 49.Rf7+  1/2-1/2

[Event "2nd Grand Europe Open 2013"]
[Site "Golden Sands BUL"]
[Date "2013.06.13"]
[Round "4.36"]
[White "Ermenkov,Evgenij"]
[Black "Posedaru,B"]
[Result "1-0"]
[WhiteElo "2425"]
[BlackElo "2297"]

1.e4 c5 2.Nf3 Nc6 3.Bb5 d6 4.c3 Nf6 5.Qe2 e5 6.d4 cxd4 7.cxd4 Bd7 8.d5 Nb8
9.Bxd7+ Nbxd7 10.Nc3 Be7 11.O-O O-O 12.Be3 Qb8 13.Nd2 Bd8 14.a4 Ba5 15.Qb5 Bxc3
16.bxc3 Qc7 17.h3 Rfc8 18.c4 Nc5 19.Bxc5 Qxc5 20.Qxc5 Rxc5 21.a5 Nd7 22.Rfb1 Rc7
23.f3 h5 24.g4 hxg4 25.hxg4 g5 26.Kg2 Kg7 27.Nf1 Nf8 28.Ne3 Rd8 29.Kg3 Kf6
30.Rb4 Ng6 31.Rab1 Rdd7 32.Nf5 Ne7 33.Ne3 Ng6 34.R1b3 Nf4 35.Kf2 Ng6 36.Ke2 Nh4
37.Rb1 Rc5 38.Rxb7 Rxb7 39.Rxb7 Rxa5 40.Rd7 Ra2+ 41.Kd1 Ra3 42.Nc2 Rd3+ 43.Ke2 Rc3
44.Ne3 Ra3 45.Rxd6+ Ke7 46.c5 Ra2+ 47.Kd1  1-0

[Event "2nd Grand Europe Open 2013"]
[Site "Golden Sands BUL"]
[Date "2013.06.13"]
[Round "4.40"]
[White "Goumas,G"]
[Black "Valles,M"]
[Result "1/2-1/2"]
[WhiteElo "2401"]
[BlackElo "2261"]

1.e4 c5 2.Nf3 Nc6 3.Bb5 g6 4.Bxc6 bxc6 5.O-O Bg7 6.c3 Nh6 7.d4 Qb6 8.Re1 O-O
9.h3 d6 10.b3 f5 11.e5 Nf7 12.exd6 exd6 13.Be3 cxd4 14.Bxd4 c5 15.Bxg7 Kxg7
16.c4 Bb7 17.Nc3 Rae8 18.Nd5 Rxe1+ 19.Qxe1 Bxd5 20.Qc3+ Kg8 21.cxd5 Re8 22.Re1 Qd8
23.h4 Re4 24.h5 Ng5 25.h6 Rxe1+ 26.Qxe1 Ne4 27.Nd2 Qa5 28.Qa1 Qc3 29.Qxc3 Nxc3
30.Nc4  1/2-1/2

[Event "2nd Grand Europe Open 2013"]
[Site "Golden Sands BUL"]
[Date "2013.06.13"]
[Round "4.58"]
[White "Bykov,Alexe1"]
[Black "Mgeladze,T"]
[Result "0-1"]
[WhiteElo "2378"]
[BlackElo "2197"]

1.e4 c5 2.Nf3 Nc6 3.Bb5 g6 4.c3 Bg7 5.d4 Qb6 6.Bxc6 Qxc6 7.O-O cxd4 8.cxd4 Qxe4
9.Re1 Qf5 10.Qe2 e6 11.b3 Nf6 12.Ba3 Nd5 13.Nbd2 Bf8 14.Bxf8 Kxf8 15.Nc4 Qf4
16.Rac1 Kg7 17.g3 Qb8 18.Ne3 Nxe3 19.Qxe3 d6 20.h4 Bd7 21.h5 Rc8 22.Qf4 Rxc1
23.Rxc1 h6 24.g4 g5 25.Nxg5 hxg5 26.Qxg5+ Kh7 27.Qe7 Qe8 28.Qxd6 Bc6 29.Rc5 Rd8
30.Qf4 Rd5 31.Rxd5 Bxd5 32.Kh2 Qg8 33.Kg3 Qg7 34.f3 f6 35.Qd6 Qf7 36.Qf4 Qe7
37.Kf2 Kg7 38.Qb8 a5 39.Qf4 b5 40.Qb8 b4 41.Qb6 Qb7 42.Qd8 Bxf3 43.h6+ Kh7
44.Qxf6 Bxg4 45.Kg3 Bf5 46.d5 Qc7+ 47.Kf2 Qf4+ 48.Ke1 Qe3+ 49.Kd1 Bg4+  0-1

[Event "27th Pula Open 2013"]
[Site "Pula CRO"]
[Date "2013.06.13"]
[Round "7.8"]
[White "Zelcic,R"]
[Black "Uwira,O"]
[Result "0-1"]
[WhiteElo "2537"]
[BlackElo "2249"]

1.e4 c5 2.Nf3 Nc6 3.Bb5 Nf6 4.Bxc6 dxc6 5.d3 Bg4 6.h3 Bh5 7.Nc3 e6 8.Qe2 Qc7
9.g4 Bg6 10.Bd2 Nd7 11.O-O-O Bd6 12.Nh4 O-O-O 13.Kb1 Nf8 14.Rdf1 e5 15.Nd1 Ne6
16.Ne3 Rhe8 17.Nef5 Bf8 18.Ng2 f6 19.f4 Bf7 20.fxe5 fxe5 21.Qf2 Bg8 22.Ngh4 c4
23.dxc4 Nc5 24.Be3 Bxc4 25.Bxc5 Qa5 26.Ba3 Bxa3 27.bxa3 Qxa3 28.c3 Bxf1 29.Rxf1 Qxc3
30.Nf3 g6 31.N5h4 Qb4+ 32.Ka1 Qxe4 33.Qxa7 Qb4 34.Rc1 e4 35.a3 Qd6 36.Rb1 Qb8
37.Qxb8+ Kxb8 38.Ne1 Rd2 39.Rb2 Red8 40.Nhg2 Kc7 41.Kb1 b5 42.Rc2 Rxc2 43.Kxc2 Kd6
44.Kd2 Ke5+ 45.Ke2 Kd4 46.Kd2 Kc4+ 47.Kc2 Ra8 48.Ne3+ Kd4 49.Kd2 Ke5 50.N1c2 c5
51.Ke2 Rd8 52.Ne1 b4 53.axb4 cxb4 54.Nc4+ Kd4 55.Nd2 Rb8 56.Nc2+ Kc3 57.Ne3 Kd4
58.Nc2+ Ke5 59.Ke3 b3 60.Nd4 Rc8 61.N4xb3 Rc3+ 62.Ke2 Rxh3 63.Nc5 Kf4 64.Ne6+ Kxg4
65.Nxe4 Kf5 66.Nf2 Rh4 67.Nc5 Rc4 68.Ncd3 g5 69.Kf3 h5 70.Nd1 g4+ 71.Kg2 Kg5
72.N1f2 Rc2 73.Ne5 Re2 74.Nf7+ Kf4 75.Kf1 Rd2 76.Ke1 Rd7  0-1

[Event "2nd Grand Europe Open 2013"]
[Site "Golden Sands BUL"]
[Date "2013.06.14"]
[Round "5.14"]
[White "Sanduleac,V"]
[Black "Spasov,V"]
[Result "0-1"]
[WhiteElo "2414"]
[BlackElo "2565"]

1.e4 c5 2.Nf3 Nc6 3.Bb5 Nf6 4.Bxc6 dxc6 5.d3 Bg4 6.h3 Bh5 7.Nc3 Nd7 8.Be3 e5
9.Qd2 Bd6 10.Ng1 Nf8 11.Nge2 Ne6 12.Ng3 Bg6 13.Nf5 Bc7 14.Ne2 Qd7 15.O-O O-O-O
16.Rad1 Bxf5 17.exf5 Nd4 18.Bxd4 exd4 19.Qg5 Rde8 20.Ng3 f6 21.Qh5 Bxg3 22.fxg3 Re3
23.Rf3 Rhe8 24.Rdf1 h6 25.Qg4 R8e7 26.b3 b5 27.Qf4 Kb7 28.g4 Qc7 29.h4 Rxf3
30.Qxc7+ Kxc7 31.Rxf3 c4 32.bxc4 bxc4 33.dxc4 Kd6 34.c3 Kc5 35.cxd4+ Kxd4
36.Rf4+ Re4 37.Rf3 Kxc4 38.Ra3 Re7 39.Kf2 c5 40.Kf3 Kd4 41.g5 hxg5 42.hxg5 fxg5
43.Kg4 c4 44.Ra6 c3 45.Rc6 Kd3  0-1

[Event "1st Golden Apricot 2013"]
[Site "Malatya TUR"]
[Date "2013.06.14"]
[Round "7"]
[White "Benidze,D"]
[Black "Bagaturov,G"]
[Result "1/2-1/2"]
[WhiteElo "2495"]
[BlackElo "2444"]

1.e4 c5 2.Nf3 Nc6 3.Bb5 g6 4.O-O Bg7 5.Bxc6 dxc6 6.d3 Nf6 7.h3 Nd7 8.a4 e5
9.Na3 h6 10.Nc4 Qe7 11.a5  1/2-1/2

[Event "Kings Place Rapid 2013"]
[Site "London ENG"]
[Date "2013.06.15"]
[Round "3.2"]
[White "Jones,G"]
[Black "Ansell,S"]
[Result "1/2-1/2"]
[WhiteElo "2643"]
[BlackElo "2382"]

1.e4 c5 2.Nf3 Nc6 3.Bb5 e6 4.O-O Nge7 5.Re1 a6 6.Bxc6 Nxc6 7.d4 cxd4 8.Nxd4 Qc7
9.Nc3 Bd6 10.Kh1 Nxd4 11.Qxd4 Be5 12.Qe3 O-O 13.f4 Bf6 14.e5 Be7 15.f5 f6
16.Qg3 fxe5 17.Bh6 Rf7 18.Rf1 Bf8 19.fxe6 dxe6 20.Ne4 b5 21.Ng5 Rf5 22.a4 Qc4
23.Rxf5 exf5 24.axb5 gxh6 25.Ne6+ Kf7 26.Nxf8 Kxf8 27.Qxe5 Bb7 28.Qh8+ Qg8
29.Qf6+ Qf7 30.Qh8+ Qg8 31.Qf6+ Qf7 32.Qh8+ Qg8  1/2-1/2

[Event "1st Golden Apricot 2013"]
[Site "Malatya TUR"]
[Date "2013.06.15"]
[Round "9"]
[White "Duman,A"]
[Black "Yeke,S"]
[Result "0-1"]
[WhiteElo "2252"]
[BlackElo "2255"]

1.e4 c5 2.Nf3 Nc6 3.Bb5 e6 4.O-O Nge7 5.Re1 a6 6.Bf1 d5 7.exd5 Nxd5 8.d4 Nf6
9.Be3 Be7 10.c4 O-O 11.Nc3 cxd4 12.Nxd4 Qc7 13.Qf3 Bd7 14.Rad1 Nxd4 15.Bxd4 Bc6
16.Qe3 Rfe8 17.Bb6 Qb8 18.Qh3 Nd7 19.Be3 b5 20.b3 Qb7 21.Bd4 Nf8 22.a4 bxc4
23.Bxc4 Rad8 24.Re3 Ng6 25.Qg4 Bf6 26.Bxf6 Rxd1+ 27.Qxd1 gxf6 28.Rg3 Qb6
29.h4 Rd8 30.Qc1 Kf8 31.h5 Ne5 32.Qa3+ Ke8 33.a5 Qd4 34.Bxa6 Ng4 35.Qb2 Ra8
36.Qe2 f5 37.Rd3 Qf4 38.Rg3 Rxa6 39.b4 Ra8 40.Nd1 Qxb4 41.f3 Qd4+ 42.Kf1 Rxa5  0-1

[Event "27th Pula Open 2013"]
[Site "Pula CRO"]
[Date "2013.06.15"]
[Round "9.10"]
[White "Blazeka,M"]
[Black "Jovanic,O"]
[Result "0-1"]
[WhiteElo "2300"]
[BlackElo "2532"]

1.e4 c5 2.Nf3 Nc6 3.Bb5 g6 4.O-O Bg7 5.Re1 Nf6 6.e5 Nd5 7.Nc3 Nc7 8.Bxc6 dxc6
9.Ne4 b6 10.d3 O-O 11.h3 Ne6 12.Neg5 h6 13.Nxe6 Bxe6 14.Bf4 c4 15.dxc4 Bxc4
16.Qc1 g5 17.Bg3 Qc8 18.h4 f6 19.e6 Bxe6 20.Nd4 Bd5 21.Rxe7 Rf7 22.Rxf7 Bxf7
23.hxg5 fxg5 24.c3 Qd7 25.Qc2 Rd8 26.Re1 c5 27.Nf3 Re8 28.Ne5 Qe6 29.c4 h5
30.Qe4 Qf6 31.b3 Bg6 32.Qe3 Qf5 33.f3 Kh7 34.Bh2 h4 35.g4 hxg3 36.Bxg3 Bf6
37.Qf2 Kg7 38.Nxg6 Bd4 39.Rxe8 Bxf2+ 40.Kxf2 Kxg6 41.Re4 Qd7 42.Ke2 Qh3 43.Kf2 Kf6
44.a4 Qh1 45.Re1 Qh7 46.Be5+ Ke6 47.Bb8+ Kd7 48.Re3 Qc2+ 49.Ke1 Kc6 50.Be5 Kb7
51.Bf6 Qg2 52.Re7+ Ka6 53.Re3 Qg3+ 54.Ke2 Qh2+ 55.Ke1 Qf4 56.Bxg5 Qxg5 57.Ke2 Qf5
58.Kd2 Qf4 59.Ke2 Ka5 60.Rd3 Kb4 61.Re3 Qh2+ 62.Ke1 Ka3 63.Rd3 Qe5+ 64.Kf2 Kb2
65.Re3 Qd4  0-1

[Event "27th Pula Open 2013"]
[Site "Pula CRO"]
[Date "2013.06.15"]
[Round "9.6"]
[White "Sulava,N"]
[Black "De Filomeno,S"]
[Result "1/2-1/2"]
[WhiteElo "2484"]
[BlackElo "2365"]

1.e4 c5 2.Nf3 Nc6 3.Bb5 d6 4.O-O Bd7 5.c3 a6 6.Ba4 b5 7.Bc2 Bg4 8.h3 Bxf3
9.Qxf3 e6 10.a4 Rb8 11.Qe2 Nf6 12.axb5 axb5 13.Na3 Qb6 14.d4 cxd4 15.Bd3 Be7
16.Nxb5 O-O 17.Bd2 dxc3 18.Bxc3 Nd7 19.Na3 Bf6 20.Nc4 Qc5  1/2-1/2